| 000 | 00475cam a2200193ua 4500 | ||
|---|---|---|---|
| 001 | 2652 | ||
| 005 | 20260515113536.0 | ||
| 008 | 110901n ii |||gr||||Z||||||asm | ||
| 040 | _cMAIN | ||
| 082 | _a491.451 | ||
| 100 | 1 |
_aNarjari, Surath, _eAuthor. |
|
| 245 | 1 | 1 |
_aSaral borobhasa siksha _cby Surath Narjari |
| 250 | _a1st. | ||
| 260 |
_aKokrajhar: _bNagendra Library,961. |
||
| 300 | _a28p:9cm. | ||
| 653 | _aFolklore | ||
| 653 | _aSaral borobhasa siksha | ||
| 942 | _cBK | ||
| 999 |
_c2501 _d2501 |
||